| 000 | 01168nam a22002297a 4500 | ||
|---|---|---|---|
| 003 | SEM | ||
| 999 |
_c68259 _d68259 |
||
| 005 | 20220608074112.0 | ||
| 008 | 180815b ||||| |||| 00| 0 arm d | ||
| 040 |
_aSEM _cSEM |
||
| 041 | 0 | _aarm. | |
| 080 | _a069.2(47.925)(026)/Ս-26 | ||
| 245 | 0 | 0 |
_aՍարդարապատ: _bՈւղեցույց: Սարդարապատի հերոսամարտի հուշահամալիր: Հայաստանի ազգագրության և ազատագրական պայքարի պատմության ազգային թանգարան: / _cԿազմ.` Ս. Մելիքյան; Լուսանկ.` Ս. Սեպետչյան, Վ. Հակոբյան; Խմբ.` Կ. Արիստակեսյան |
| 246 |
_aSardarabad. _bGuide. |
||
| 260 |
_aԵրևան: _b«Տիգրան Մեծ», _c2008. |
||
| 300 |
_a51 էջ; _bնկ.; _c23 սմ |
||
| 650 |
_aՍարդարապատ _xհուշահամալիր _vուղեցույց |
||
| 700 | 1 |
_aՄելիքյան Սուսաննա _eկազմ. _4comp. |
|
| 700 | 1 |
_aԱրիստակեսյան Կարեն _eխմբ. _4edt. |
|
| 700 | 1 |
_aՍեպետչյան Սամվել _eլուսանկ. _4photo. |
|
| 700 | 1 |
_aՀակոբյան Վռամ _eլուսանկ. _4photo. |
|
| 942 |
_2udc _cBK |
||